000 00470nam a2200193Ia 4500
005 20250423094828.0
008 250422s9999 xx 000 0 und d
020 _a0070109052
050 _aQA 331.7 .C524/
100 _aChurchill, Ruel V.
245 0 _aComplex variables and applications
250 _a5th ed.
260 _aNew York
260 _bMcGraw-Hill
260 _c1990
300 _a361 p
650 _aFunctions of complex variables.
942 _cBK
999 _c28418
_d28418